Bezpečnosť a ochrana zdravia pri práci vo vybranom podniku diplomová práca

Na minha lista:
Detalhes bibliográficos
Autor principal: Dvončová, Dominika
Autor Corporativo: Fakulta podnikového manažmentu EU. Katedra manažmentu
Outros Autores: Matkovčíková, Natália, 1982-
Formato: Livro
Idioma:eslovaco
Publicado em: Bratislava 2015
Tags: Adicionar Tag
Sem tags, seja o primeiro a adicionar uma tag!

MARC

LEADER 00000nbm a2200000 4500
001 0201265
005 20161212101238.5
041 0 |a slo 
044 |a SK 
245 1 0 |a Bezpečnosť a ochrana zdravia pri práci vo vybranom podniku  |b diplomová práca  |c Dominika Dvončová ; školiteľ: Natália Matkovčíková 
264 1 |a Bratislava  |c 2015 
300 |a 88 s. 
100 1 |a Dvončová, Dominika 
700 1 |a Matkovčíková, Natália, 1982- 
710 2 |a Fakulta podnikového manažmentu EU. Katedra manažmentu